Tranquebar-whose history? : (Record no. 82840)

MARC details
000 -LEADER
fixed length control field 00718nam a22002057a 4500
005 - DATE AND TIME OF LATEST TRANSACTION
control field 20140425121948.0
010 ## - LCCN (DPL NO)
LC control number ENG-109508
020 ## - INTERNATIONAL STANDARD BOOK NUMBER
Terms of availability 975.00
International Standard Book Number 9788125053453
035 ## - SYSTEM CONTROL NUMBER
System control number EN-93041
037 ## - SOURCE OF ACQUISITION
Source of stock number/acquisition DBAD/PUB
082 ## - DEWEY DECIMAL CLASSIFICATION NUMBER
Classification number 954.8
100 ## - MAIN ENTRY--PERSONAL NAME
Personal name Jorgensen, Helle
245 00 - TITLE STATEMENT
Title Tranquebar-whose history? :
Statement of responsibility, etc by Helle Jorgensen
Remainder of title translational cultural heritage in a former Danish trading colony in South India /
260 ## - PUBLICATION, DISTRIBUTION, ETC. (IMPRINT)
Place of publication, distribution, etc New Delhi
Name of publisher, distributor, etc Orient Blakswan
Date of publication, distribution, etc 2014
270 ## - ADDRESS
Address 1/24 Asaf Ali Road
City New Delhi
Postal code 110002
300 ## - PHYSICAL DESCRIPTION
Extent viii,356p.
Dimensions 23cm(Hb)
490 ## - SERIES STATEMENT
Series statement New perspectives in south asian history
500 ## - GENERAL NOTE
General note Includes bibliographical references and index
942 ## - ADDED ENTRY ELEMENTS (KOHA)
Source of classification or shelving scheme Dewey Decimal Classification
Item type English Books
Call number suffix JOR
Classification part 954.8
Holdings
Withdrawn status Lost status Not for loan Collection code Home library Current library Date acquired Source of acquisition Cost, normal purchase price Full call number Barcode Copy number Cost, replacement price Koha item type
    Not For Loan Non-fiction D.B.Act.Division D.B.Act.Division 03/03/2014 DBAD/PUB 975.00 954.8 JOR EN-93041 1 975.00 English Books

© Delhi Public Library
Hit Counter
free hit counter